01206nam a22002777a 450000500170000000800410001704000270005804100080008504400070009308200180010010000200011824501280013825000120026626000620027830000310034050400420037150503210041365000230073465000140075765000210077165000320079265100130082470000290083770000270086670000350089320180803170133.0150708b2014 ck ||||| |||| 00| 0 spa d aCO-BoIAVH cCO-BoIAVH 0 aspa ack 4a343.077bP34s1 aPeña, Juliana13aEl sector extractivo en Colombia 2013bObservatorio de las industrias extractivas en Colombia/cJuliana Peña... [et. al.] a1a. Ed.3 aBogotá:bFundación Foro Nacional por Colombia,c2014. a137 p. bil., tab.c23 cm. aIncluye referencias bibliográficas. aCap. 1 Cambios normativos. Cap. 2 Reingeniería institucional y del discurso político para el manejo del sector. Cap. 3 El peso del sector extractivo en la economía colombiana. Cap. 4 Colombia: contenido local y responsabilidad social empresarial en el sector extractivo. Cap. 5 El paro nacional minero de 2013. 4aIndustrias Mineras 4aMinería 4aGestión Minera 4aPolítica minerazColombia 4aColombia1 aMartínez, Mario Freddy1 aRivera, Aída Sofía1 aCárdenas-Navas, Ana María